000 00393nam a2200157Ia 4500
008 180921t2017 xxu||||| |||| 00| 0 eng d
041 _aeng
080 _aX 92
_bDES
100 _aSilva, Anula de
245 _aAggamaha Panditha Polwatte Buddhadatta Tero
260 _bGodage
_aColombo
_c2017
300 _b76p, 21cm
942 _cBK
999 _c1235
_d1235
003 LK-CoDNM
040 _aLK-CoDNM
_dLK-CoDNM
_eLK-CoDNM